Kreativní barva ve fotografii /

Na minha lista:
Detalhes bibliográficos
Autor principal: Pohribný, Jan (Author)
Formato: Livro
Idioma:tcheco
Publicado em: Brno : Zoner Press, 2016
Edição:1. vydanie
Assuntos:
Tags: Adicionar Tag
Sem tags, seja o primeiro a adicionar uma tag!

MARC

LEADER 00000nam a22000003a 4500
001 0070636
003 SK-STU
005 20190405152851.1
007 ta
008 190114s ----xo-----e------000-0-----d
020 |a 978-80-7413-332-9 
040 |a STU  |b slo 
041 0 |a cze 
044 |a xr 
100 1 |a Pohribný, Jan  |4 aut 
245 1 0 |a Kreativní barva ve fotografii /  |c aut. Jan Pohribný 
250 |a 1. vydanie 
260 |a Brno :  |b Zoner Press,  |c 2016 
300 |a 288 s. 
650 0 7 |a umelecká fotografia 
650 0 7 |a farba 
650 0 7 |a fotografické techniky 
996 |b 284AU07825  |c A* 11084/U  |l AAKNST  |s P  |a 0  |w 0070636_0001